00413 a2200133 450000100060000002000150000604000370002110000300005824000740008824500690016230000080023136200090023965000310024871582 a8587066137 cAnchieta - Colégio São Paulo aJacobina, Ronaldo Ribeiro10aCantigas para ninar Cecília e poemas para acordar gente grandelpor10aCantigas para ninar Cecília e poemas para acordar gente grande a1010 a2003 4aLiteratura infanto-juvenil